Statistics for Girls Names that start with L

Click here to take the quiz!

General Stats

  • This quiz has been taken 1,384 times
  • The average score is 21 of 47

Answer Stats

Answer% Correct
Laura
89%
Lillian
86%
Lauren
84%
Lisa
84%
Lucille
81%
Linda
78%
Lola
70%
Layla
69%
Lena
69%
Leah
66%
Lana
65%
Louise
65%
Lori
62%
Lila
60%
Lydia
58%
Lacey
57%
Luna
56%
Lee
55%
Leslie
55%
Louisa
52%
Lynn
52%
Leann
47%
Lexi
47%
Lindsay
47%
Liza
47%
Liv
43%
Lucia
41%
Lorraine
37%
Loretta
36%
Lucinda
36%
Laney
34%
Larissa
33%
Lyra
31%
Laurel
26%
Lorena
24%
Lynette
24%
Lavender
23%
Lorelei
22%
Liana
21%
Lindy
19%
Loni
17%
Liberty
16%
Lilith
16%
Leandra
14%
Linnea
12%
Liesl
9%
Leota
5%

Score Distribution

Percentile by Number Answered

Percent of People with Each Score

Your Score History

You have not taken this quiz